000 01167nam2a2200313 4500
001 RU\NLR\bibl\15233
005 20250810040157.0
010 _a5-7838-0060-0
_910 000
021 _aRU
_b98-34062
_91615
035 _a(NLR Aleph) 000014869
090 _a60522
_c60522
100 _a19990309d1998 k y0rusy50 ca
101 0 _arus
102 _aRU
105 _a|||||||||||||
200 1 _aЧ. 1-2
_f[Т.Г. Шелкова, Л.А. Лясецкая, К.В. Журавченко и др.]
210 _d1998
215 _a640 с.
_cил.
461 0 _1001RU\NLR\bibl\15442
_12001#$aДеловой английский$v[Т. 1]
_961709
_cМ.
_d1998
_lEnglish for business
_nВече
_o[В 2 т.] : Учеб. англ. яз.
_tДеловой английский
_v[Т. 1]
701 1 _aШелкова
_bТ. Г.
_gТамара Григорьевна
_4070
701 1 _aЛясецкая
_bЛ. А.
_4070
701 1 _aЖуравченко
_bК. В.
_4070
801 0 _aRU
_bNLR
_c19990309
_gPSBO
801 1 _aRU
_bNLR
_c19990309
852 _aNLR
_j98-5/3091
942 _cBOOK
945 _aРоссийская национальная библиотека
980 _aBV
980 _aNB